Forms of knowledge in India (Record no. 31719)

MARC details
000 -LEADER
fixed length control field 01104cam a22002778a 4500
005 - DATE AND TIME OF LATEST TRANSACTION
control field 20090827101948.0
008 - FIXED-LENGTH DATA ELEMENTS--GENERAL INFORMATION
fixed length control field 070619s2008 njuab b 001 0 eng
010 ## - LCCN (DPL NO)
LC control number ENG-95396
020 ## - INTERNATIONAL STANDARD BOOK NUMBER
International Standard Book Number 8185753856
Terms of availability 780.00
035 ## - SYSTEM CONTROL NUMBER
System control number EN-78929
037 ## - SOURCE OF ACQUISITION
Source of stock number/acquisition DBAD/PUB
040 ## - CATALOGING SOURCE
Original cataloging agency DPL
245 ## - TITLE STATEMENT
Title Forms of knowledge in India
Remainder of title Critical revaluations
Statement of responsibility, etc edited by Suresh Raval, G.M.Mehta and Sitanshu Yashaschandra
260 ## - PUBLICATION, DISTRIBUTION, ETC. (IMPRINT)
Place of publication, distribution, etc New Delhi
Name of publisher, distributor, etc Pencraft International
Date of publication, distribution, etc 2009
270 ## - ADDRESS
Address B-1/41. AsholVihar II
City New Delhi
Postal code 110052
300 ## - PHYSICAL DESCRIPTION
Extent 408 p. :
Dimensions 22 cm.(Hb)
504 ## - BIBLIOGRAPHY, ETC. NOTE
Bibliography, etc index.
650 ## - SUBJECT ADDED ENTRY--TOPICAL TERM
Topical term or geographic name as entry element .
700 ## - ADDED ENTRY--PERSONAL NAME
Personal name Raval, Suresh
700 ## - ADDED ENTRY--PERSONAL NAME
Personal name Mehta, G. M.
700 ## - ADDED ENTRY--PERSONAL NAME
Personal name Yashaschandra, Sitanshu
856 ## - ELECTRONIC LOCATION AND ACCESS
Uniform Resource Identifier <a href="http://www.loc.gov/catdir/toc/ecip0721/2007025342.html">http://www.loc.gov/catdir/toc/ecip0721/2007025342.html</a>
942 ## - ADDED ENTRY ELEMENTS (KOHA)
Source of classification or shelving scheme Dewey Decimal Classification
Item type English Books
Call number suffix KNO
Holdings
Withdrawn status Lost status Source of classification or shelving scheme Damaged status Not for loan Collection code Home library Current library Date acquired Source of acquisition Cost, normal purchase price Total Checkouts Full call number Barcode Date last seen Copy number Cost, replacement price Koha item type
    Dewey Decimal Classification   Not For Loan Non-fiction D.B.Act.Division D.B.Act.Division 12/11/2009 DBAD / PUB 780.00   KNO EN-78929 12/11/2009 1 780.00 English Books

© Delhi Public Library
Hit Counter
free hit counter